[Event "Titled Tuesday intern op 15st Dec"]
[Site "Chess.com INT"]
[Date "2020.12.15"]
[Round "2"]
[White "Krzywda, Andrzej"]
[Black "Panuganti, Kireet V"]
[Result "1/2-1/2"]
[WhiteElo "2152"]
[BlackElo "1962"]
[PlyCount "154"]
[EventDate "2020.12.15"]
[EventType "swiss (blitz)"]
[EventRounds "11"]
[EventCountry "USA"]
[SourceTitle "CBM 199 Extra"]
[Source "ChessBase"]
[SourceDate "2021.01.31"]
[SourceVersion "1"]
[SourceVersionDate "2021.01.31"]
[SourceQuality "1"]

1. e4 c5 2. Nf3 d6 3. d4 cxd4 4. Nxd4 Nf6 5. Nc3 g6 6. Be3 Bg7 7. f3 0-0 8. Qd2 Nc6 9. 0-0-0 Nxd4 10. Bxd4 Be6 11. g4 Qa5 12. Kb1 Rfc8 13. a3 Rab8 14. g5 Nh5 15. Bxg7 Nxg7 16. h4 b5 17. Nd5 Qxd2 18. Rxd2 Bxd5 19. Rxd5 a6 20. Bh3 Rc5 21. Rxc5 dxc5 22. Rd1 Kf8 23. Rd7 Nh5 24. Rc7 Nf4 25. Bg4 c4 26. Rc8+ Rxc8 27. Bxc8 a5 28. Ba6 b4 29. Bxc4 Ng2 30. Ka2 Nxh4 31. Be2 Ke8 32. Kb3 bxa3 33. Kxa3 Kd7 34. Ka4 Kc6 35. Kxa5 Ng2 36. b4 Nf4 37. b5+ Kb7 38. Bf1 f6 39. gxf6 exf6 40. c4 h5 41. c5 h4 42. b6 h3 43. Bxh3 Nxh3 44. Kb5 Ng5 45. c6+ Kb8 46. Ka6 Ne6 47. b7 Nc7+ 48. Kb6 f5 49. exf5 gxf5 50. Kc5 Ka7 51. Kd6 Kb8 52. Ke5 Nb5 53. Kxf5 Na7 54. Ke6 Nxc6 55. f4 Kxb7 56. f5 Kc7 57. f6 Nd8+ 58. Ke7 Kc8 59. Ke8 Kc7 60. Ke7 Kc8 61. Kd6 Kb8 62. Kd7 Nf7 63. Ke7 Ne5 64. Ke6 Ng6 65. Kf5 Nf8 66. Ke5 Kc8 67. Kd6 Kd8 68. f7 Ng6 69. Ke6 Nf8+ 70. Kf6 Nd7+ 71. Ke6 Nf8+ 72. Kf6 Nd7+ 73. Kg7 Ke7 74. Kg8 Nf8 75. Kg7 Nd7 76. Kg8 Nf8 77. Kg7 Nd7 1/2-1/2

[Event "Titled Tuesday intern op 01st Dec"]
[Site "Chess.com INT"]
[Date "2020.12.01"]
[Round "2"]
[White "Panuganti, Kireet V"]
[Black "Obad, Andrija"]
[Result "0-1"]
[WhiteElo "1962"]
[BlackElo "2221"]
[PlyCount "72"]
[EventDate "2020.12.01"]
[EventType "swiss (blitz)"]
[EventRounds "11"]
[EventCountry "USA"]
[SourceTitle "CBM 199 Extra"]
[Source "ChessBase"]
[SourceDate "2021.01.31"]
[SourceVersion "1"]
[SourceVersionDate "2021.01.31"]
[SourceQuality "1"]

1. e4 c5 2. Nf3 d6 3. d4 cxd4 4. Nxd4 Nf6 5. Nc3 a6 6. h3 e6 7. g4 Nfd7 8. Bg2 Be7 9. g5 Nc6 10. h4 Qc7 11. Be3 Nde5 12. Qe2 0-0 13. 0-0-0 b5 14. f4 Nc4 15. Nxc6 Qxc6 16. f5 Nxe3 17. Qxe3 b4 18. Ne2 exf5 19. Nd4 Qc5 20. exf5 Ra7 21. Qg3 Rc7 22. f6 Bd8 23. Rd2 Re8 24. h5 Qe5 25. Qh4 h6 26. gxh6 Qxf6 27. Qxf6 Bxf6 28. hxg7 Bg5 29. Rg1 Bxd2+ 30. Kxd2 Bb7 31. h6 Bxg2 32. Rxg2 Kh7 33. Nf5 Rc5 34. Nxd6 Rd5+ 35. Kc1 Rxd6 36. Rf2 Re1# 0-1

[Event "Titled Tuesday intern op 24th Nov"]
[Site "Chess.com INT"]
[Date "2020.11.24"]
[Round "10"]
[White "Muromtsev, Arthur"]
[Black "Panuganti, Kireet V"]
[Result "1-0"]
[WhiteElo "2161"]
[BlackElo "1962"]
[PlyCount "143"]
[EventDate "2020.11.24"]
[EventType "swiss (blitz)"]
[EventRounds "11"]
[EventCountry "USA"]
[SourceTitle "CBM 199 Extra"]
[Source "ChessBase"]
[SourceDate "2021.01.31"]
[SourceVersion "1"]
[SourceVersionDate "2021.01.31"]
[SourceQuality "1"]

1. e4 c5 2. b3 d5 3. exd5 Qxd5 4. Nc3 Qd8 5. Nf3 Nc6 6. Bc4 Bf5 7. 0-0 Nf6 8. h3 e6 9. Bb2 Bd6 10. Nb5 Bb8 11. a4 a6 12. Na3 0-0 13. d4 cxd4 14. Nxd4 Qc7 15. Nf3 Ne4 16. Qe2 Ng5 17. g3 Nxh3+ 18. Kg2 Qe7 19. Rad1 Bc7 20. Nh4 Nf4+ 21. gxf4 Qxh4 22. Rd3 Be4+ 23. f3 Bxd3 24. Bxd3 Bxf4 25. Rh1 Qg3+ 26. Kf1 h6 27. Bxg7 Qxg7 28. Rg1 Bg5 29. f4 Qf6 30. Qe4 Qf5 31. Qxf5 exf5 32. fxg5 Kh7 33. Bxf5+ Kh8 34. gxh6 Ne5 35. Nb1 Rad8 36. Nc3 Rd2 37. Ne4 Rxc2 38. Nf6 Rc1+ 39. Kf2 Rxg1 40. Kxg1 Rd8 41. Kf2 Rd2+ 42. Ke3 Rb2 43. Ke4 Ng6 44. Bxg6 fxg6 45. Nd5 Rxb3 46. Ke5 Rb4 47. Nxb4 a5 48. Nd5 Kh7 49. Nc7 Kxh6 50. Nb5 g5 51. Ke4 g4 52. Kf4 Kh5 53. Kg3 Kg5 54. Nd6 Kf6 55. Nxb7 Ke5 56. Nxa5 Kd5 57. Nb3 Kc6 58. a5 Kb7 59. Kxg4 Ka6 60. Kf5 Kb5 61. Ke5 Ka6 62. Kd5 Ka7 63. Kc5 Kb7 64. Kb5 Ka7 65. a6 Ka8 66. Kb6 Kb8 67. Nd2 Ka8 68. Ne4 Kb8 69. Nc3 Kc8 70. Nd5 Kb8 71. a7+ Ka8 72. Nc7# 1-0

[Event "Titled Tuesday intern op 24th Nov"]
[Site "Chess.com INT"]
[Date "2020.11.24"]
[Round "5"]
[White "Panuganti, Kireet V"]
[Black "Muminova, Nafisa"]
[Result "0-1"]
[WhiteElo "1962"]
[BlackElo "2274"]
[PlyCount "62"]
[EventDate "2020.11.24"]
[EventType "swiss (blitz)"]
[EventRounds "11"]
[EventCountry "USA"]
[SourceTitle "CBM 199 Extra"]
[Source "ChessBase"]
[SourceDate "2021.01.31"]
[SourceVersion "1"]
[SourceVersionDate "2021.01.31"]
[SourceQuality "1"]

1. e4 e6 2. d3 d5 3. Nd2 Nf6 4. Ngf3 Be7 5. g3 0-0 6. Bg2 c5 7. 0-0 Nc6 8. Re1 b5 9. e5 Nd7 10. Nf1 c4 11. h4 Nc5 12. Ne3 Ba6 13. Ng4 b4 14. Bg5 cxd3 15. Bf1 dxc2 16. Qxc2 Bxf1 17. Kxf1 Rc8 18. Bxe7 Qxe7 19. Qe2 Ne4 20. Rac1 a5 21. Qb5 Qd7 22. Nd4 Nb8 23. Qxa5 Nd2+ 24. Kg1 Nc4 25. Qxb4 Na6 26. Qb5 Qa7 27. Nb3 Rb8 28. Qa4 Rfc8 29. a3 Qb6 30. Na1 Nc5 31. Qc2 Qxb2 0-1

[Event "Titled Tuesday intern op 24th Nov"]
[Site "Chess.com INT"]
[Date "2020.11.24"]
[Round "8"]
[White "Panuganti, Kireet V"]
[Black "Palacio, Igor Da Paz"]
[Result "1-0"]
[WhiteElo "1962"]
[BlackElo "2172"]
[PlyCount "121"]
[EventDate "2020.11.24"]
[EventType "swiss (blitz)"]
[EventRounds "11"]
[EventCountry "USA"]
[SourceTitle "CBM 199 Extra"]
[Source "ChessBase"]
[SourceDate "2021.01.31"]
[SourceVersion "1"]
[SourceVersionDate "2021.01.31"]
[SourceQuality "1"]

1. e4 d6 2. d4 Nf6 3. Nc3 g6 4. Nf3 Bg7 5. Be2 0-0 6. 0-0 Bg4 7. h3 Bxf3 8. Bxf3 e5 9. Be3 Nc6 10. d5 Ne7 11. Be2 Nd7 12. Na4 f5 13. f3 Nf6 14. Qd3 Nh5 15. c4 Nf4 16. Qd2 Bh6 17. Rac1 Qe8 18. Rfe1 Nxe2+ 19. Qxe2 Bxe3+ 20. Qxe3 Qxa4 21. a3 f4 22. Qd3 b6 23. b4 Qd7 24. Rc2 c5 25. Rec1 cxb4 26. axb4 Rfc8 27. c5 bxc5 28. bxc5 Rxc5 29. Rxc5 dxc5 30. d6 Kg7 31. Rxc5 Rd8 32. Rc7 Qxd6 33. Qxd6 Rxd6 34. Rxe7+ Kf6 35. Rxa7 h5 36. Kh2 Re6 37. h4 Re8 38. Kh3 Re6 39. g3 fxg3 40. Kxg3 Re8 41. Ra5 Re6 42. Rd5 Re8 43. f4 exf4+ 44. Kxf4 Re6 45. e5+ Kg7 46. Rd6 Re8 47. Rf6 Re7 48. Rd6 Re8 49. Rc6 Re7 50. Rb6 Kf7 51. Ra6 Kg7 52. Rf6 Re8 53. Rd6 Re7 54. Rd1 Kf7 55. Re1 Kg7 56. Kg5 Rf7 57. e6 Re7 58. Re5 Re8 59. Rd5 Re7 60. Rd7 Kf8 61. Kf6 1-0

[Event "Titled Tuesday intern op 17th Nov"]
[Site "Chess.com INT"]
[Date "2020.11.17"]
[Round "11"]
[White "Estrada Nieto, Julian"]
[Black "Panuganti, Kireet V"]
[Result "1-0"]
[WhiteElo "2280"]
[BlackElo "1962"]
[PlyCount "85"]
[EventDate "2020.11.17"]
[EventType "swiss (blitz)"]
[EventRounds "11"]
[EventCountry "USA"]
[SourceTitle "CBM 199 Extra"]
[Source "ChessBase"]
[SourceDate "2021.01.31"]
[SourceVersion "1"]
[SourceVersionDate "2021.01.31"]
[SourceQuality "1"]

1. e4 c5 2. Nf3 d6 3. Bb5+ Nd7 4. d4 cxd4 5. Qxd4 a6 6. Bxd7+ Bxd7 7. Nc3 Rc8 8. a4 e5 9. Qd3 h6 10. Nd2 Nf6 11. Nf1 Be7 12. Ne3 Be6 13. 0-0 0-0 14. Rd1 Qc7 15. a5 Rfd8 16. Bd2 Bc4 17. Nxc4 Qxc4 18. Be1 Rc6 19. h3 b5 20. axb6 Qxd3 21. Rxd3 Rxb6 22. Ra2 Rdb8 23. b3 Rc8 24. Nd5 Nxd5 25. Rxd5 Rc5 26. Rxc5 dxc5 27. Kf1 c4 28. bxc4 Rc6 29. Ra4 f6 30. Ke2 Kf7 31. g4 Ke6 32. Kd3 Rb6 33. Bc3 Bc5 34. f3 Rb8 35. Rxa6+ Kf7 36. Rc6 Rd8+ 37. Ke2 Be7 38. Rc7 Ke6 39. c5 Ra8 40. Kd3 Ra3 41. Kc4 Ra1 42. Rb7 Rc1 43. c6 1-0

[Event "Titled Tuesday intern op 17th Nov"]
[Site "Chess.com INT"]
[Date "2020.11.17"]
[Round "4"]
[White "Panuganti, Kireet V"]
[Black "Gukesh, Dommaraju"]
[Result "0-1"]
[WhiteElo "1962"]
[BlackElo "2563"]
[PlyCount "64"]
[EventDate "2020.11.17"]
[EventType "swiss (blitz)"]
[EventRounds "11"]
[EventCountry "USA"]
[SourceTitle "CBM 199 Extra"]
[Source "ChessBase"]
[SourceDate "2021.01.31"]
[SourceVersion "1"]
[SourceVersionDate "2021.01.31"]
[SourceQuality "1"]

1. e4 e5 2. Nf3 Nc6 3. d4 exd4 4. Nxd4 Bc5 5. Nxc6 Qf6 6. Qf3 bxc6 7. Nd2 Qxf3 8. Nxf3 Ne7 9. Bd3 0-0 10. 0-0 Ng6 11. h3 d6 12. c3 f5 13. Nd4 Ne5 14. Bc2 f4 15. Nf5 g6 16. Ne7+ Kg7 17. Nxc8 Raxc8 18. a4 a5 19. b3 g5 20. Bb2 h5 21. c4 Kg6 22. Rad1 g4 23. Kh1 Rce8 24. Rd2 Kg5 25. f3 gxf3 26. gxf3 Kh4 27. Rg2 Rg8 28. Bc1 Rxg2 29. Kxg2 Rg8+ 30. Kh1 Be3 31. Bxe3 fxe3 32. Re1 Nxf3 0-1

[Event "Titled Tuesday intern op 17th Nov"]
[Site "Chess.com INT"]
[Date "2020.11.17"]
[Round "7"]
[White "Polok, Kacper"]
[Black "Panuganti, Kireet V"]
[Result "1-0"]
[WhiteElo "2272"]
[BlackElo "1962"]
[PlyCount "61"]
[EventDate "2020.11.17"]
[EventType "swiss (blitz)"]
[EventRounds "11"]
[EventCountry "USA"]
[SourceTitle "CBM 199 Extra"]
[Source "ChessBase"]
[SourceDate "2021.01.31"]
[SourceVersion "1"]
[SourceVersionDate "2021.01.31"]
[SourceQuality "1"]

1. e4 c5 2. Nc3 d6 3. Nf3 Nf6 4. d4 cxd4 5. Nxd4 g6 6. Be3 Bg7 7. f3 0-0 8. Qd2 Nc6 9. 0-0-0 d5 10. exd5 Nxd5 11. Nxc6 bxc6 12. Nxd5 cxd5 13. Bh6 Bxh6 14. Qxh6 Qa5 15. Kb1 e5 16. h4 Rb8 17. b3 Qc3 18. h5 Bf5 19. Bd3 e4 20. hxg6 Bxg6 21. fxe4 dxe4 22. Be2 Rbc8 23. Qc1 e3 24. Bd3 e2 25. Rd2 Rfd8 26. Rxe2 Bxd3 27. cxd3 Qxd3+ 28. Rc2 Rc7 29. Rh3 Qf5 30. Rf3 Qe4 31. Qg5+ 1-0

[Event "US Masters op"]
[Site "Greensboro"]
[Date "2019.08.22"]
[Round "2"]
[White "Arjun, Vishnuvardhan"]
[Black "Panuganti, Kireet V"]
[Result "1-0"]
[WhiteElo "2242"]
[BlackElo "2002"]
[PlyCount "45"]
[EventDate "2019.08.21"]
[EventType "swiss"]
[EventRounds "9"]
[EventCountry "USA"]
[SourceTitle "EXT 2020"]
[Source "ChessBase"]
[SourceDate "2019.10.17"]
[SourceVersion "1"]
[SourceVersionDate "2019.10.17"]
[SourceQuality "1"]

1. c4 Nf6 2. g3 g6 3. Bg2 Bg7 4. Nc3 0-0 5. e3 e5 6. Nge2 d6 7. 0-0 c6 8. d3 Be6 9. f4 Re8 10. h3 a5 11. e4 exf4 12. Nxf4 Bc8 13. Be3 Na6 14. Qd2 Nc5 15. Rf2 Ne6 16. Nxe6 Rxe6 17. Raf1 Qe8 18. Bg5 Nd7 19. Rxf7 Qxf7 20. Rxf7 Kxf7 21. d4 Nb6 22. d5 cxd5 23. Qf2+ 1-0